|
|
|
|
| LEADER |
00614nam a22001812a 4500 |
| 001 |
000046933 |
| 003 |
CZ BrMZK |
| 005 |
19951201143423.0 |
| 008 |
951201s1985 ru f rus d |
| 040 |
|
|
|a BOA001
|b cze
|
| 100 |
1 |
|
|a Bačyr-Zadä, Eldar Ähäd oglu
|
| 245 |
1 |
0 |
|a Vsestoronnost' rassmotrenija kak princip dialektičeskoj logiki /
|c [autor:] Eldar Ahad Bagir-zade.
|
| 260 |
|
|
|a Baku :
|b Elm,
|c 1985
|
| 300 |
|
|
|a 158 s.
|
| 910 |
|
|
|a BOA001
|b PK-A-0018.671
|
| 964 |
|
|
|a Rozbory všestranné - studie
|
| 990 |
|
|
|a BK
|
| 996 |
7 |
|
|b 3119982665
|c PK-A-0018.671
|l MZK
|r Sklad / do 1 hodiny
|n 0
|w 000046933
|u 000010
|a 1
|e BOA001
|j MZK50
|s A
|